| Tag |
First Indicator |
Second Indicator |
Subfields |
| LEADER |
00000cam a2200000Ia 4500 |
| 001 |
in00003503421 |
| 006 |
m o d |
| 007 |
cr unu|||||||| |
| 008 |
090101s1971 gw ob 000 0 eng d |
| 005 |
20260422225553.5 |
| 019 |
|
|
|a 652283187
|
| 020 |
|
|
|a 9783540370024 (electronic bk.)
|
| 020 |
|
|
|a 3540370021 (electronic bk.)
|
| 020 |
|
|
|z 9783540056904
|
| 020 |
|
|
|z 3540056904
|
| 020 |
|
|
|z 9780387056906
|
| 020 |
|
|
|z 0387056904
|
| 035 |
|
|
|a (OCoLC)295019944
|z (OCoLC)652283187
|
| 040 |
|
|
|a SPLNM
|b eng
|e pn
|c SPLNM
|d GW5XE
|d OCLCQ
|d OL$
|d OCLCO
|d OCLCQ
|d GW5XE
|d OCLCE
|d OCLCF
|d OCLCQ
|d UtOrBLW
|
| 049 |
|
|
|a TXAM
|
| 050 |
|
4 |
|a QA3
|b .L28 no. 237
|a QA251.5
|
| 082 |
0 |
4 |
|a 510.8
|2 22
|
| 100 |
1 |
|
|a Stenström, Bo T.,
|d 1937-
|
| 245 |
1 |
0 |
|a Rings and modules of quotients /
|c Bo Stenström.
|
| 264 |
|
1 |
|a Berlin ;
|a New York :
|b Springer-Verlag,
|c 1971.
|
| 300 |
|
|
|a 1 online resource (vi, 136 pages)
|
| 336 |
|
|
|a text
|b txt
|2 rdacontent
|
| 337 |
|
|
|a computer
|b c
|2 rdamedia
|
| 338 |
|
|
|a online resource
|b cr
|2 rdacarrier
|
| 490 |
1 |
|
|a Lecture Notes in Mathematics,
|x 0075-8434 ;
|v 237
|
| 504 |
|
|
|a Includes bibliographical references (pages [130]-136).
|
| 588 |
|
|
|a Description based on print version record.
|
| 500 |
|
|
|a Electronic resource.
|
| 650 |
|
0 |
|a Associative rings.
|
| 650 |
|
0 |
|a Modules (Algebra)
|
| 650 |
|
0 |
|a Quotient rings.
|
| 650 |
|
6 |
|a Anneaux associatifs.
|
| 650 |
|
6 |
|a Champs modulaires.
|
| 650 |
|
7 |
|a Associative rings.
|2 fast
|0 (OCoLC)fst00819229
|
| 650 |
|
7 |
|a Modules (Algebra)
|2 fast
|0 (OCoLC)fst01024523
|
| 650 |
|
7 |
|a Quotient rings.
|2 fast
|0 (OCoLC)fst01086191
|
| 650 |
0 |
7 |
|a Modul.
|2 swd
|
| 650 |
0 |
7 |
|a Ring (Mathematik)
|2 swd
|
| 655 |
|
7 |
|a Electronic books.
|2 local
|
| 710 |
2 |
|
|a SpringerLink (Online service)
|
| 776 |
1 |
8 |
|i Print version:
|a Stenström, Bo T., 1937-
|t Rings and modules of quotients.
|d Berlin, New York, Springer-Verlag, 1971
|z 0387056904
|w (DLC) 70180692
|w (OCoLC)226186
|
| 830 |
|
0 |
|a Lecture notes in mathematics (Springer-Verlag) ;
|v 237.
|
| 856 |
4 |
0 |
|u http://proxy.library.tamu.edu/login?url=https://link.springer.com/10.1007/BFb0059904
|z Connect to the full text of this electronic book
|t 0
|
| 994 |
|
|
|a 92
|b TXA
|
| 999 |
|
|
|a MARS
|
| 999 |
f |
f |
|s ca1f1eae-2516-3b39-a86a-569970b1a624
|i f085716c-fcba-3949-931d-e44a7573de2b
|t 0
|
| 952 |
f |
f |
|a Texas A&M University
|b College Station
|c Electronic Resources
|s www_evans
|d Available Online
|t 0
|e QA3 .L28 no. 237
|h Library of Congress classification
|
| 998 |
f |
f |
|a QA3 .L28 no. 237
|t 0
|l Available Online
|